Statistics for FIFA 18 Top 10 Right Back

Click here to take the quiz!

General Stats

  • This quiz has been taken 212 times
  • The average score is 5 of 10

Answer Stats

RankPlayerOVA% Correct
1Dani Carvajal84
88%
2Dani Alves84
87%
3Kyle Walker83
86%
5Antonio Valencia83
65%
8Nathaniel Clyne82
44%
6Juanfran83
43%
10Nelson Semedo81
43%
4Lukasz Piszczek83
31%
7Alessandro Florenzi82
26%
9Stephan Lichtsteiner82
26%

Score Distribution

Percentile by Number Answered

Percent of People with Each Score

Your Score History

You have not taken this quiz